[Event "Jaipur op 1st"]
[Site "Jaipur"]
[Date "2024.06.01"]
[Round "8"]
[White "Sudhanshu, Ranjan"]
[Black "Devarsh, Kinra"]
[Result "1-0"]
[WhiteElo "1915"]
[BlackElo "1635"]
[PlyCount "92"]
[EventDate "2024.05.29"]
[EventType "swiss"]
[EventRounds "9"]
[EventCountry "IND"]
[SourceTitle "CB24_2024"]
[SourceDate "2024.06.12"]
[SourceVersion "1"]
[SourceVersionDate "2024.06.12"]
[SourceQuality "1"]

1. d4 d5 2. c4 c6 3. Nf3 Nf6 4. Nc3 e6 5. e3 Nbd7 6. Qc2 Be7 7. Bd3 dxc4 8. Bxc4 b5 9. Bd3 Bb7 10. 0-0 a6 11. a4 b4 12. Ne4 c5 13. Nxf6+ Nxf6 14. dxc5 Rc8 15. Qe2 Qa5 16. Nd4 Bxc5 17. Nb3 Qb6 18. Nxc5 Qxc5 19. Bxa6 Bxa6 20. Qxa6 0-0 21. Bd2 Rb8 22. Rfb1 Rfd8 23. Be1 Qe5 24. Qe2 h5 25. f3 Nd5 26. Bg3 Qg5 27. Bxb8 Rxb8 28. Re1 h4 29. Qf2 f5 30. f4 Qh6 31. a5 g5 32. fxg5 Qxg5 33. a6 f4 34. a7 Ra8 35. exf4 Nxf4 36. Qf3 h3 37. Qxa8+ Kg7 38. Qb7+ Kf6 39. a8Q Qc5+ 40. Kh1 hxg2+ 41. Qxg2 Nxg2 42. Qxg2 b3 43. Ra6 Kf5 44. Raxe6 Qd4 45. Qg6+ Kf4 46. Rf1+ Qf2 1-0